000 00931cas a22002295a 4500
001 L137231
008 070323c2006 xxkqr ws ss 0 a0eng u
035 _a(Sirsi) u137231
041 0 _aeng
110 2 _aCB Richard Ellis
_93675
245 0 0 _aUK shopping centre investment market
_h[electronic resource]
260 _aLondon
_bCBRE
_c2006-
362 0 _a2006-
490 0 _aUK Shopping Centre Investment Market
510 2 _aKnowledge Alert
_c2006-
520 _aProvides an overview of the United Kingdom?s economic activity and discusses how this activity relates to the retail sector. Graphs depict retail activity by number and value of transactions.
554 _aQuarterly
651 4 _aUnited Kingdom
_y
690 _aPROPERTY-COMMERCIAL PROPERTY-COMMERCIAL PROPERTY MARKET
856 4 0 _uhttps://portal.cbre.eu/propertyinfomap/uk/index.html
_zView the item free of charge at http://portal.cbre.eu...
942 _n0
999 _c118892
_d118892